Statistics for FIFA 21 Best National Teams

Click here to take the quiz!

General Stats

  • This quiz has been taken 729 times
  • The average score is 10 of 12

Answer Stats

RankTeamOVAATTMIDDEF% Correct
2France84838583
98%
10Brazil80817980
97%
9Argentina82878079
95%
1Germany85858382
95%
3Spain84838484
94%
4England83848282
93%
5Belgium83848282
91%
6Italy83838282
91%
7Portugal83868382
91%
8Netherlands82828383
79%
12Uruguay79797978
61%
11Colombia79807979
54%

Score Distribution

Percentile by Number Answered

Percent of People with Each Score

Your Score History

You have not taken this quiz